000 00449nam a2200181Ia 4500
008 090123s9999 xx 000 0 und d
082 _b3459
100 _aनरवणे सुधा
245 _aदोलाचल
250 _a1
260 _c1973
300 _a146
600 _aनरवणे सुधा
630 _aदोलाचल
700 _aनरवणे सुधा
730 _aदोलाचल
942 _cBOOK
999 _c41539
_d41539